00411nam a2200121Ia 4500008004100000245007300041245001400114260000900128650001200137856004800149999001900197952007300216171211s9999 xx 000 0 und d aYour Brain on Food: How Chemicals Control Your Thoughts and Feelings cGary Wenk c2010 xFITNESS uhttp://down.ebook777.com/062/0195388542.pdf c349062d349062 001040aCLbCLd2017-12-11l0r2017-12-11 00:00:00w2017-12-11yCBE